[Event "Olympiad-33"]
[Site "Elista"]
[Date "1998.10.12"]
[Round "13.2"]
[White "Van Wely, Loek"]
[Black "Morozevich, Alexander"]
[Result "0-1"]
[WhiteElo "2635"]
[BlackElo "2625"]
[Annotator "Stohl,I"]
[PlyCount "136"]
[EventDate "1998.09.29"]
[EventType "team-swiss"]
[EventRounds "13"]
[EventCountry "RUS"]
[SourceTitle "CBM 068"]
[Source "ChessBase"]
[SourceDate "1999.02.01"]
[SourceVersion "1"]
[SourceVersionDate "1999.02.01"]
[SourceQuality "1"]
[WhiteTeam "Netherlands"]
[BlackTeam "Russia"]
[WhiteTeamCountry "NED"]
[BlackTeamCountry "RUS"]

{[%mdl 2] This game was played in the last round, when the Russians needed
every win in the exciting race for the gold medals.} 1. d4 d5 2. c4 c6 3. Nc3
Nf6 4. Nf3 dxc4 5. a4 Bf5 6. Ne5 Nbd7 ({Morozevich is not interested in the
sharp and topical piece sacrifice line after} 6... e6 7. f3 Bb4 8. e4 Bxe4 9.
fxe4 Nxe4 10. Bd2 Qxd4 11. Nxe4 Qxe4+ 12. Qe2 Bxd2+ 13. Kxd2 Qd5+ 14. Kc2 Na6
15. Nxc4 {The latest important game is probably} O-O 16. Qe5 Rab8 17. Be2 Nb4+
18. Kc3 b5 19. Rhd1 f6 20. Qg3 Qe4 21. Ne3 Nd5+ 22. Nxd5 cxd5 23. Bd3 Rfc8+ 24.
Kd2 Qb4+ 25. Ke2 bxa4 26. Kf1 Rb6 27. Qe3 Qb3 28. Rd2 g6 29. Qd4 Qb4 30. Be2
Qxd4 {1/2,Kramnik,V-Van Wely,L/Tilburg/1998/}) 7. Nxc4 Qc7 {The most common
move, but it's unclear how White should gain an advantage after} (7... Nb6 $5 {
preferred by e.g. Meduna} 8. Ne5 e6 9. f3 Nfd7 10. a5 Nxe5 11. axb6 Nd7 12. e4
Bg6 13. bxa7 (13. Rxa7 $143 Nxb6 14. Rxb7 Ra1 $1 15. Kf2 Bd6 16. Qb3 Rxc1 17.
Qxb6 O-O 18. e5 Qxb6 19. Rxb6 Rb8 20. Rxb8+ Bxb8 21. Ne2 Rb1 $17 {Lutz,
C-Meduna,E/Porz/1988/}) 13... Qb6 14. Be2 Rxa7 15. Rxa7 Qxa7 16. Be3 e5 17. O-O
exd4 18. Bxd4 Qxd4+ 19. Qxd4 Bc5 20. Qxc5 Nxc5 21. b4 Nd7 22. f4 f6 23. Ra1 Ke7
24. Kf2 Kd6 25. h4 Bf7 26. Ke3 Nb6 27. Bd3 Ra8 $11 {Piket,J-Kobalija,M/Elista
olm/1998/}) 8. g3 e5 9. dxe5 Nxe5 10. Bf4 Nfd7 {An older move, which was
already quite thoroughly tested by Alekhine and Euwe in their title matches,
as Kasparov pointed out in CBM.} ({Popular in the early eighties was} 10... Rd8
11. Qc1 Bd6 (11... Nfd7 $2 12. Bxe5 Nxe5 13. Qf4 $1 Bd6 14. Qxf5 Nxc4 15. Qe4+
Ne5 16. f4 $16 {loses material.}) 12. Nxd6+ Qxd6 13. Bg2 a5 $5 14. O-O $14 {
^^,[+] but gradually practice showed that the ^^ in an open position gives
White at least a small and lasting edge.}) 11. Bg2 ({Not too promising is} 11.
Nxe5 Nxe5 12. Qd4 (12. a5 Rd8 (12... f6 13. a6 Bc5 14. Bg2 Rd8 15. Qb3 b5 16.
Bxe5 fxe5 17. O-O Rd4 18. Rac1 Qb6 19. Ne4 Be7 20. Nc3 Qxa6 21. Bxc6+ Qxc6 22.
Nxb5 Qb6 23. Nxd4 exd4 24. Qd5 $44 {Beliavsky,A-Haba,P/Koszalin/1998/}) 13. Qb3
Bd6 $132) 12... Bd6 13. Rd1 Qe7 $1 {[%cal Re5f3] /\Nf3#} 14. Bg2 Bc7 $11 {
In other words, if Black manages to get rid of the unpleasant pin without
playing f6, he shouldn't have any problems.}) (11. Qd4 $143 $6 f6 12. Rd1 Bc5
13. Nd6+ Kf8 $1 14. Qd2 Nd3+ $1 $17) 11... f6 12. O-O {Natural, but not the
only move.} ({Van Wely has already twice in 1998 been successful with} 12. Nxe5
fxe5 (12... Nxe5 $143 13. a5 a6 14. O-O Bd6 15. Ne4 Be7 16. Qb3 Bg6 17. Rfd1
Bf7 18. Qc3 O-O 19. Ng5 $1 Bd6 20. Nxf7 Rxf7 21. Rd4 Qe7 22. b4 Re8 23. Rad1
Bb8 24. Bc1 f5 25. e3 $36 {Van Wely,L-Sokolov,I/NLD-ch Rotterdam/1998/}) 13.
Bg5 $5 (13. Be3 Bc5 14. Qc1 Bxe3 15. Qxe3 a5 $1 16. O-O Qb6 17. Qxb6 Nxb6 18.
Ne4 Bxe4 19. Bxe4 Ke7 20. Rfc1 h6 21. Ra3 Kd6 22. Rd3+ Kc7 23. b3 Rhd8 {
Ioseliani,N-Smyslov,V/Copenhagen/1997/}) 13... h6 $6 (13... Bc5 $142) (13...
Nc5 $142 $5 $13) 14. Be3 Bc5 15. Qc1 a5 16. Be4 $1 Be6 17. Bg6+ Ke7 18. Bxc5+
Nxc5 19. Qe3 Nb3 20. Rd1 Rhd8 21. O-O Rxd1 22. Rxd1 Kf6 $6 (22... Kf8 $142 $14)
23. Bc2 Nd4 24. Bh7 $1 $40 {ע,Van Wely,L-Barsov,A/Antwerp/1998/}) 12... Nc5 $6
{This is Morozevich's new idea, which has been doing remarkably well for Black
lately. It's typical for modern chess-Black seeks active counterplay and wants
to create threats even before he ends his development. However, White's plan
in this game should cast a serious doubt on this risky concept.} ({Also rather
unpleasant is} 12... Be6 13. Nxe5 fxe5 14. Be3 Bc5 15. Qc1 Bxe3 16. Qxe3 a5 (
16... O-O 17. a5 $36) 17. Ne4 O-O 18. Ng5 Qd6 19. Qa3 $1 Qxa3 20. Rxa3 Bg4 21.
Re3 Rfe8 22. Ne4 Re7 23. Nd6 $16 {Sakaev,K-Bologan,V/Elista K.O./1998/}) ({
Well-known are the drawbacks of} 12... Rd8 13. Qc1 Be6 (13... Nc5 $2 14. Qe3
$16) 14. Ne4 $1 Bb4 15. a5 O-O 16. a6 bxa6 17. Nxe5 Nxe5 18. Nc5 Bxc5 19. Qxc5
g5 20. Be3 Bd5 21. Rxa6 Bxg2 22. Kxg2 Rf7 23. Rfa1 Qd6 24. Qxd6 Rxd6 25. Rxa7
$16 {Euwe,M-Alekhine,A/NLD-WCh/1937/}) 13. Ne3 $5 {The newest and most
dangerous attempt. White's other tries have failed to bring him anything
tangible:} (13. e4 Bg6 14. Qe2 (14. Bxe5 $143 $6 fxe5 15. f4 Rd8 16. Qg4 exf4
17. gxf4 Nd3 18. Kh1 Bc5 19. f5 Bf7 20. e5 Bxc4 21. f6 Qxe5 22. Rf5 Qe6 23.
fxg7 Rg8 24. Qh5+ Qg6 25. Qe2+ Be7 26. Rf8+ Rxf8 27. gxf8=Q+ Kxf8 28. Be4 Qf7 {
0-1,Sakaev,K-Morozevich,A/Kishinev/1998/ A very encouraging premiere of the 12.
..Nc5 line.}) 14... Be7 $5 (14... Nb3 15. Rad1 Bc5 16. Be3 Bf7 17. Nxe5 Qxe5 (
17... fxe5 $5 $13) 18. f4 Qe7 19. Bh3 O-O 20. Rd7 Bxe3+ 21. Qxe3 Qc5 22. Re1
Rab8 23. e5 fxe5 24. fxe5 Rfe8 25. Ne4 Qxe3+ 26. Rxe3 Rxe5 27. Rxf7 Kxf7 28.
Nd6+ Kf6 29. Rxb3 $14 {Ivanov,S-Popov,V/St. Petersburg/1998/}) 15. Rad1 O-O 16.
Bh3 Bf7 17. Ne3 $6 Rfd8 18. Nf5 Bf8 19. Rxd8 Rxd8 20. Rd1 Bb3 21. Rd4 Ne6 22.
Rxd8 Qxd8 23. Bxe5 fxe5 24. Qe3 Bc5 25. Qc1 Qg5 $17 {[%csl Gb3,Gc5] _|_^^,
Bellon Lopez,J-Nogueiras,J/Santa Clara/1998/}) (13. a5 $5 Rd8 14. Qe1 Nb3 $1 (
14... Ne6 $2 15. Bxe5 fxe5 16. a6 b6 17. Rc1 Bc5 18. Na4 O-O 19. b4 Be7 20. Ne3
Nd4 21. Nxf5 Rxf5 22. e3 Nf3+ 23. Bxf3 Rxf3 24. Qe2 Rf6 25. b5 c5 26. Nc3 $16 {
Gabriel,C-Torre,E/Bad Homburg/1998/}) 15. Rd1 Nxa5 $1 16. Nb5 cxb5 17. Qxa5
Qxa5 18. Nxa5 Rxd1 19. Rxd1 b6 20. Bxe5 bxa5 21. Bc7 Be7 22. Bxa5 Be6 $1 {[]}
23. Bc3 $11 {1/2,Stohl,I-Oll,L/ECC Senec/1998/}) ({Bad is the violent} 13. Qc1
$2 Nb3 14. Qe3 Bc5 $19) 13... Bg6 {The B belongs here, e6 must stay free for
the N.} (13... Be6 $143 $6 14. b4 Rd8 (14... Nb3 15. Ncd5 $1 $16) 15. Qc2 Na6
16. b5 Nb4 17. Qe4 $32 {|^עe8}) (13... Rd8 14. Ncd5 $1 $16) 14. b4 Ne6 (14...
Rd8 $6 15. Ned5 cxd5 16. bxc5 Bxc5 17. Nxd5 Qb8 18. Qb3 Bd6 19. Rfd1 Bf7 20.
Qb5+ Kf8 21. Rab1 b6 22. Be3 Qc8 23. Rbc1 Qb8 24. a5 Ng4 25. Bf4 Bxf4 26. gxf4
$40 {Bacrot,E-Morovic Fernandez,I/Cap d'Agde act/1998/}) 15. b5 $1 $146 {
|^<< Only this move is new} ({Illogical and weaker is} 15. Rc1 Rd8 16. Qb3 Bf7
17. Qb1 Nxf4 18. gxf4 Ng6 19. Ncd5 Bxd5 20. Nxd5 Qd6 21. Qe4+ Kf7 22. Ne3 Qxf4
23. b5 Bd6 24. Qxf4 Nxf4 25. Bf3 cxb5 26. axb5 g6 27. Nc4 Bb4 28. e3 Nd3 {
1/2,Ivanisevic,I-Savchenko,S/Elista olm/1998/}) 15... Rd8 $8 (15... Nxf4 $6 16.
gxf4 Rd8 17. Qc1 {[%cal Rb5c6,Rc3b5] /\bc6,Nb5+/-}) 16. Qb3 (16. Qc1 Bc5 (16...
Bd6 17. bxc6 bxc6 (17... Nxf4 18. gxf4 Nxc6 19. Nb5 $40) 18. Ne4 $1 O-O 19.
Nxd6 Rxd6 20. Bxe5 fxe5 21. Nc4 Rd4 22. Qc3 $16 {קa7,c6,e5}) 17. Bxe5 (17. Ne4
Bd4 $15) 17... fxe5 18. bxc6 bxc6 19. Be4 Bf7 $132 {and Black's activity
should compensate his split P.}) 16... Bf7 17. Qb1 $6 {White hesitates in a
tense situation and Black starts to take over. Van Wely wants to keep the
tension, but as later he anyway takes on e5, it was better to do so
immediately.} (17. Bxe5 $142 $1 fxe5 18. bxc6 bxc6 {(Now White certainly
wouldn't play 19.Qb1?!) Most ambitious is} 19. Rab1 $5 (19. Qc2 Bc5 $1 (19...
Nd4 $6 20. Nb5 $1 Nxc2 21. Nxc7+ Kd7 22. Nxc2 Kxc7 23. Rfc1 $32 {->}) 20. Ne4
Bxe3 21. fxe3 O-O 22. Qc3 $14 {[%csl Ge2,Ge3] The doubled pawn controls
important central squares.}) (19. Qc4 $2 Nd4 20. Nb5 Qb6 $19) 19... Nd4 (19...
Nc5 20. Qb4 Nb3 21. Qe4 Nd4 22. Ng4 $1 (22. f4 $6 Bc5) 22... Bg6 23. Qxe5+ Qxe5
24. Nxe5 Bxb1 25. Rxb1 $44 {+/-}) (19... Nf4 20. Qb7 Qxb7 21. Rxb7 Nxg2 22.
Kxg2 Bc5 23. Nf5 $32 {->} g6 (23... O-O 24. Ne7+ $16) 24. Ne4 Bd5 25. Ng7+ Kf8
26. Ne6+ $1 $16) 20. Qb7 Bd6 21. Qa6 $1 $36 {/\Rb7,Ne4,Nc4} (21. Qxc7 $143 Bxc7
22. Rb7 Ba5 $132)) 17... Bc5 (17... Bd6 $6 18. Nf5 $36) 18. bxc6 bxc6 ({
After the risky} 18... Nxf4 $6 19. gxf4 Nxc6 20. Ned5 {Black's K would have to
stay in the [+].}) 19. Bxe5 fxe5 20. Qe4 (20. Ne4 Bd4 $1 $36) (20. Rc1 Nd4 $5
$15) 20... O-O $36 {פe3 Finally! Suddenly it's White who has problems with
piece coordination, the main culprit is the unlucky Ne3, which gets in the way
and has no satisfactory retreat.} 21. Qxc6 $1 {Not without risk, but other
moves are without any perspectives.} (21. Rac1 Nd4 22. Ng4 Rfe8 $36 {/\} 23. e3
$2 Bg6 $19) (21. Ng4 Bd4 22. Rac1 Qa5 $5 $17) 21... Qxc6 22. Bxc6 Nd4 $5 (22...
Bxe3 23. fxe3 Rc8 $2 24. Nd5 $1 $16) (22... Rc8 23. Bd7 Bxe3 24. Bxc8 Rxc8 25.
fxe3 (25. Nd5 Bc5 $17) 25... Rxc3 26. Rac1 $1 Rxc1 27. Rxc1 Be8 28. Rc8 Kf8 29.
Ra8 Nc5 30. Rxa7 Nxa4 31. Ra5 $11 {/=/+ leads practically by force to an
endgame, which Black can hardly hope to win.} (31. e4 $143 $6 Nc3 32. Ra5 Bb5
$15)) 23. Bb5 $2 {Now White loses the exchange and will fight for his life.} ({
Similar is} 23. Bf3 Nb3 $17) (23. Bd5 Nxe2+ $1 24. Nxe2 Bxd5 25. Rac1 Bb6 26.
Nxd5 (26. a5 Bxa5 27. Rc5 Bf3 $15) 26... Rxd5 27. Rc2 Rd3 $36 {[%csl Gb6] _|_,
פ,f2 Black has a more valuable ppiece in the endgame.}) ({The saving clause
was} 23. Ne4 $142 $1 Nxe2+ (23... Bb6 24. Bb5) 24. Kg2 Bd4 (24... Bxe3 25. fxe3
Rc8 26. Bb5 $11) 25. Rae1 Nc3 $15 {/= and although Black has a pleasant
position, he has no tangible advantage.}) 23... Nb3 $1 24. Rad1 Nd2 25. Rfe1
Bb4 26. Rc1 (26. Nb1 Nxb1 27. Rxb1 (27. Rxd8 $2 Bxe1 28. Rd1 Bxf2+ 29. Kxf2
Bb3+) 27... Bxe1 28. Rxe1 Be6 $5 $17) 26... Nb3 27. Ne4 (27. Rc2 $143 Rc8 28.
Ned1 Nd4 29. Rc1 Bb3 {/\Bd1-+}) 27... h6 (27... Bxe1 28. Rxe1 Nd2 $17) 28. Red1
Nxc1 29. Rxc1 Rc8 30. Rb1 a5 31. Ng4 Bd5 32. f3 $6 ({Allows the disruption of
White's pawn structure.} 32. Bd3 $142 Rfe8 33. Ne3 Bc6 34. Nc4 $5 $17 {[%csl
Ra4] But even this continuation doesn't solve White's main problem-he can't
liquidate the <<, Pa4 will always gradually become an object of attack.}) 32...
Bxe4 33. fxe4 Bc5+ 34. Kg2 Bd4 35. h4 (35. e3 $2 Rc2+ 36. Kh3 Bc3 $40 {><h2})
35... Rc3 $1 {Black plans an exchange of R.} (35... h5 $143 36. Nh2 Rf2+ 37.
Kh3 {/\Nf3}) 36. h5 Rfc8 37. Nh2 Rc1 38. Rxc1 (38. Rb3 R8c3 {doesn't help.})
38... Rxc1 39. Nf3 Kf7 40. Kh3 Kf6 41. Kg4 Be3 42. Nh4 Rb1 $1 $19 {/\Rb5 An
elegant solution. Black breaks White's flimsy fortress by threatening to take
the B.} 43. Bc6 (43. Nf5 Bc5 44. Kf3 Rb3+ $1 45. e3 Rxb5 46. axb5 a4 $19) (43.
Kf3 Bc5 {is the same.}) 43... Rb6 44. Bd5 (44. Bb5 Rxb5 45. axb5 a4 46. Nf5 Bc5
$19) 44... Rb4 45. Bc6 Bg5 {/\Rc4} (45... Rc4 46. Bb5 Rxe4+ $2 47. Kf3 $11) 46.
Nf5 (46. Kf3 Rb3+ 47. Kg2 (47. Kg4 Bxh4 48. gxh4 Re3 $19) 47... Bxh4 48. gxh4
Re3 $19 {would make it even simpler for Black.}) 46... Rc4 47. Bb5 Rxe4+ 48.
Kf3 Rb4 (48... Kxf5 $2 49. Bd7+) 49. Nd6 Ke6 50. Nc4 Bd8 51. Ke4 Bc7 $22 {
White must make way for Black's K.} 52. g4 Bd8 53. Kd3 Kd5 $1 54. e4+ Ke6 {
><a4,e4,g4 By forcing e4 Black has opened an avenue for later easy penetration
by his K. White can't defend all his weaknesess.} 55. Kc3 Rb1 56. Ba6 Bc7 57.
Ne3 (57. Bc8+ Kf6 58. Bf5 Rb4 59. Bd7 Kg5 {/\Rg4-+}) 57... Rc1+ 58. Kd2 Ra1 59.
Bc4+ (59. Bb5 Rg1 $19 {/\Bb6}) 59... Kd6 60. Bb3 Kc5 61. Nf5 Rg1 62. Bd1 Bd8 $1
63. Nxg7 Bg5+ 64. Kc2 Kb4 {The game ends with a black-square mating attack.}
65. Ne6 Rg2+ 66. Kb1 Kc3 67. Nc7 (67. Nxg5 hxg5 68. Bf3 Rf2 $19 {ץ}) 67... Rg1
68. Nd5+ Kd2 0-1

[Event "NED-ch53"]
[Site "Rotterdam"]
[Date "1998.07.03"]
[Round "11"]
[White "Van Wely, Loek"]
[Black "Sokolov, Ivan"]
[Result "1/2-1/2"]
[WhiteElo "2605"]
[BlackElo "2625"]
[Annotator "Van Wely,L"]
[PlyCount "96"]
[EventDate "1998.06.21"]
[EventType "tourn"]
[EventRounds "11"]
[EventCountry "NED"]
[EventCategory "12"]
[SourceTitle "CBM 066"]
[Source "ChessBase"]
[SourceDate "1998.09.30"]
[SourceVersion "1"]
[SourceVersionDate "1998.09.30"]
[SourceQuality "1"]

1. d4 d5 2. c4 c6 3. Nc3 Nf6 4. Nf3 dxc4 5. a4 Bf5 6. Ne5 Nbd7 7. Nxc4 Qc7 8.
g3 e5 9. dxe5 Nxe5 10. Bf4 Nfd7 11. Bg2 f6 12. Nxe5 Nxe5 $6 (12... fxe5 $1 13.
Bg5 (13. Be3 Nc5) 13... h6 14. Be3 Bc5 (14... Nc5 $5 15. Bxc5 Bxc5 16. Be4 Bh3
$1) 15. Qc1 a5 16. Be4 Be6 (16... Bh3 $5) 17. Bg6+ Ke7 18. Bxc5+ Nxc5 19. Qe3
Nb3 20. Rd1 Rhd8 21. O-O Rxd1 22. Rxd1 Kf6 $2 (22... Kf8 $1 $14) 23. Bc2 Nd4
24. Bh7 $1 Rd8 25. Qe4 Bf5 26. Qh4+ Ke6 27. Bxf5+ Kxf5 28. Qh5+ Kf6 29. e3 Ne6
30. Rxd8 Nxd8 31. Qe8 Nf7 32. Ne4+ Kg6 33. h4 b6 34. g4 Kh7 35. Qe6 Nd8 36. Qe8
c5 37. f3 Nc6 38. g5 {1-0 Van Wely-Barsov Antwerpen 1998}) 13. a5 a6 14. O-O
Bd6 (14... Rd8 15. Qa4 Bd6 16. Ne4 $14) 15. Ne4 Be7 16. Qb3 Bg6 17. Rfd1 Bf7
18. Qc3 O-O 19. Ng5 (19. Be3 $5 Nc4 20. Bc5 Bxc5 21. Nxc5 Rad8 22. b4 $14)
19... Bd6 20. Nxf7 Rxf7 21. Rd4 Qe7 22. b4 Re8 23. Rad1 Bb8 24. Bc1 f5 25. e3 (
25. h3 Ba7 26. R4d2 f4) 25... Ng4 $1 26. Qd3 Be5 27. Rd7 Qxd7 28. Qxd7 Rxd7 29.
Rxd7 Rb8 30. Bf1 Bc3 31. Bc4+ Kh8 32. Be6 Ne5 33. Rd1 Bxb4 34. f4 (34. Bb2 Nf3+
35. Kg2 Nd2) 34... Ng6 35. Bxf5 Bxa5 36. Bb2 Ne7 37. Be6 Bb6 $6 (37... Rd8 $1
38. Rxd8+ Bxd8 39. e4 $14) 38. Rd7 $1 Bxe3+ 39. Kg2 Bc5 40. Be5 $138 (40. f5 $1
Rf8 41. g4 h6 42. Kf3 b5 43. Ke4 a5 44. h4 a4 45. g5 $18) 40... Rf8 41. Rxb7 h5
42. Kf3 (42. h3) 42... Kh7 43. Rd7 $1 Ra8 44. Ke4 $2 (44. h3 Ra7 45. Rd8 Rb7
46. g4 $40) 44... a5 45. Kd3 Ra7 46. Rxa7 Bxa7 47. h3 g6 48. g4 hxg4 1/2-1/2

[Event "Nuremberg LGA Cup 3rd"]
[Site "Nuremberg"]
[Date "2006.09.09"]
[Round "?"]
[White "Wells, Peter K"]
[Black "Fridman, Daniel"]
[Result "1/2-1/2"]
[WhiteElo "2480"]
[BlackElo "2569"]
[Annotator "Wells,P"]
[PlyCount "59"]
[EventDate "2006.09.07"]
[EventType "swiss"]
[EventRounds "7"]
[EventCountry "GER"]
[SourceTitle "CBM 115"]
[Source "ChessBase"]
[SourceDate "2006.11.15"]
[SourceVersion "1"]
[SourceVersionDate "2006.11.15"]
[SourceQuality "1"]

1. d4 d5 2. c4 c6 3. Nf3 Nf6 4. Nc3 dxc4 5. a4 Bf5 6. Ne5 Nbd7 7. Nxc4 Nd5 8.
Bg5 $5 {Not hugely recommended, but not bad improvisation when caught not
doing your homework. At least it does contain a serious threat!} N7b6 9. e3 f6
10. Bh4 e6 11. a5 Bb4 12. Qb3 Nxc4 13. Bxc4 {Both sides had been aiming for
this position with reasonable contentment. Daniel understandably thought that
the White queen might be rather vulnerable after...} Bxa5 14. Qxb7 {...but had
overlooked the neat retort} O-O 15. Qa6 $1 ({although in fact I am not
convinced that} 15. O-O {is so bad either. During the game I didn't like} Qb6 {
but White can still play} (15... Nb4 $2 16. e4 $1 Rf7 17. Qxa8 Qxa8 18. Rxa5
$16) 16. Qa6 $1 {here too, e.g.} Bxc3 $6 17. bxc3 Nxc3 18. f3 {with good play.}
) 15... Bb4 16. O-O Nxc3 17. bxc3 Bxc3 18. Ra3 Bb4 19. Rb3 c5 {I still feel
that somehow this can't be right, but it is true that Black remains passive
after the alternatives. At the time I thought at least that now White enjoys
no entirely risk free road to an advantage.} (19... Qe7 20. f3 Rfb8 21. e4 Rb6
22. Qa4) (19... Rb8) 20. e4 {Taking up the challenge. This may well be
promising, but there is something to be said for the simple route} (20. dxc5
Bxc5 21. e4 Bg6 22. Bxe6+ Bf7 {which I thought would be a bit dull, but I
missed that after} 23. Rb7 Bxe6 24. Qxe6+ Kh8 25. Qg4 $1 {is awkward for the
defence.}) 20... Bg6 (20... Qxd4 21. exf5 Qxh4 22. f4 $1 (22. fxe6)) 21. Bxe6+
Bf7 (21... Kh8 $5 22. Bd5 Bf7 23. Rxb4 $5 cxb4 24. Bxa8 Qxa8 25. f3) 22. d5 g5
$6 {[%csl Rf5,Rf6] This came as a real shock. Black wants to take drastic
action against some potent ideas involving the advance of the White e-pawn,
but this weakening of the king-side cannot be justified. Already the key
features of the coming tussle are in place. White can look to the king-side
for atacking prospects as well as to his passed d-pawn. Meanwhile, Black
should be urgently looking to trade queens - as a form of precaution and to
get his queen-side boys rolling.} ({Daniel was uneasy about} 22... Qb6 $1 23.
Bxf7+ Rxf7 24. Qxb6 (24. Qc4 a5 $13) 24... axb6 25. f4 {but my instinct was to
avoid the exchange of queens at pretty well any cost and my judgement seems to
have been right here since} Ra4 26. e5 c4 27. Rxb4 Rxb4 28. e6 {looks quite
frightening, but after} Ra7 29. d6 Kf8 $1 {Black seems to contain the pawns in
which case White too can be nervous.}) 23. Bg3 Qb6 24. Bxf7+ Rxf7 25. Qc4 $1 a5
26. d6 $6 $138 {Looks the most natural thing in the world - especially with
limited time - to advance the passed d-pawn to the queen a promising central
square to run to, while keeping the pin.in place. However, the queen can be
chased from her apparently luxurious new home. In fact the weakness of the
king-side and f5 and f6 in particular is serious enough that} (26. Rf3 $1 Qa6
27. Qc2 {[%cal Yf3f5,Ye4e5,Gf3f7,Gc2h7] would have offered good attacking
chances. This is the way to exploit the reckless ...g5}) 26... Qa6 27. Qe6 (27.
Qd5 Qb7 28. Rd3 $2 {Again the golden rule - any exchange of queens enhances
Black's queen-side pawns, makes sense of his bishop's 'off-side' position on
b4 and yields serious counterchances.} Qxd5 29. Rxd5 c4 30. d7 (30. Rfd1 $1 $11
{(ish)}) 30... Rd8 31. Rfd1 c3 32. Bc7 Rdxd7 33. Rxd7 c2 34. Rd8+ Kg7 35. Bg3
cxd1=Q+ 36. Rxd1 a4 $17) 27... Qc8 28. Qc4 Qa6 29. Qe6 ({In fact even here the
queen can settle for the less glamorous diagonal and retain decent atacking
chances. However, in time trouble it felt as if he moment had passed...} 29.
Qc2 a4 30. Rf3 a3 31. Ra1 c4 32. e5 Qc8 33. Qb1) 29... Qc8 30. Qc4 $11 1/2-1/2

[Event "EU-chT (Men) 15th"]
[Site "Gothenburg"]
[Date "2005.08.05"]
[Round "7.3"]
[White "Kveinys, Aloyzas"]
[Black "Maki Uuro, Miika"]
[Result "1-0"]
[WhiteElo "2510"]
[BlackElo "2390"]
[Annotator "Wells,P"]
[PlyCount "75"]
[EventDate "2005.07.30"]
[EventType "team-swiss"]
[EventRounds "9"]
[EventCountry "SWE"]
[SourceTitle "CBM 109"]
[Source "ChessBase"]
[SourceDate "2005.11.14"]
[SourceVersion "1"]
[SourceVersionDate "2005.11.14"]
[SourceQuality "1"]
[WhiteTeam "Lithuania"]
[BlackTeam "Finland"]
[WhiteTeamCountry "LTU"]
[BlackTeamCountry "FIN"]

1. d4 d5 2. Nf3 Nf6 3. c4 c6 4. Nc3 dxc4 5. a4 Bf5 6. Ne5 Nbd7 7. Nxc4 Nb6 8.
Ne5 a5 9. g3 e6 10. Bg2 Bb4 11. O-O O-O 12. e3 h6 13. Qe2 Bh7 14. Rd1 Qe7 15.
Bd2 Nfd7 16. Nd3 Bxd3 17. Qxd3 e5 18. d5 Nc5 19. Qc2 cxd5 20. Nxd5 Nxd5 21.
Bxd5 Bxd2 22. Rxd2 Rad8 (22... Rac8 $5 {[%csl Gc5,Yd5] White is perhaps
slightly for preference since his bishop is a fine piece, and Black will find
that contesting the d-file is no trivial matter. Still, the knight on c5 is
also stable at present, there exists the potential resource of engineering a
d3 square for the knight by playing ...e4. Above all I wonder whether given
the costs of contesting the d-file whether it might actually be more trouble
than it is worth - after all the knight can also claim to cover the most
critical 'entry square'.}) 23. Rad1 Kh8 {a necessary prelude to a later ...Rd6,
but this will count against Black as we shall see.} (23... b6 $5) 24. Qc4 b6
25. Qb5 Rd6 26. Bf3 Rxd2 (26... Rfd8 27. Rxd6 Rxd6 28. Rxd6 Qxd6 29. Qe8+ Kh7
30. Qxf7) 27. Rxd2 Rd8 {Since the breakthrough which follows is rather
unpleasant for the defence, it is natural to look for alternatives here too.} (
{What about} 27... e4 28. Bg2 Qe6 $5 (28... Rd8 29. Rd4 Qf6 $140 (29... g6 $5
30. Qxb6 Rxd4 31. exd4 e3 32. Bf1 exf2+ 33. Kxf2 Nxa4 34. Qxa5 Nxb2 35. Qd2)
30. Bxe4 $1) {since} 29. Rd4 f5 {appears to hold together OK. Again, it seems
to be Black's determination to challenge the d-file rather than explore how to
use his other assets which costs him dear.} 30. b4 $140 $6 axb4 31. a5 Qa2 32.
axb6 Nd3 $17) 28. Rxd8+ Qxd8 29. b4 $1 {[%csl Rc5]} axb4 (29... Nd7 30. bxa5
bxa5 31. Qd5) 30. a5 Qf6 (30... e4 31. Be2 $1 (31. Bg4 f5 32. axb6 fxg4 33.
Qxc5 Qd1+ $11) 31... Nd7 32. a6 Qc7 33. Bc4 $16) 31. Bd5 Qd8 32. e4 Qd7 (32...
Nxe4 $5 33. Bxe4 bxa5 34. Qxe5 $16) 33. Qxd7 Nxd7 34. a6 b5 35. a7 Nb6 36. Bxf7
g5 37. Kf1 Kg7 38. Bd5 1-0